000 01342cam a22002651i 4500
003 SA-RiAUC
005 20250506090542.0
008 250504s2004 le g 00010bara c
040 _aSA-JeALM
_bara
_cSA-RiAUC
_erda
082 0 4 _a234.61
090 _a234.61
_b ع ب ي
100 1 _aالعبيد، عبد الله بن صالح بن محمد،
_d1386- هجري
_eمؤلف.
245 1 0 _aمن أعلام علماء اليمن السعيد :
_bالمجاز في ذكر المجاز شيخ شيوخ اليمن عبد القادر بن عبد الله شرف الدين : حياته ومسموعاته /
_cتأليف عبد الله بن صالح بن محمد العبيد.
250 _aالطبعة الأولى.
264 1 _aبيروت :
_bدار البشائر للطباعة والنشر والتوزيع،
_c2004
300 _a104 صفحة ؛
_c20 سم
336 _aنص
_btxt
_2rdacontent
_3كتاب
337 _aبدون وسيط
_bn
_2rdamedia
338 _aمجلد
_bnc
_2rdacarrier
490 _aسلسلة الأثبات والمشيخات والإجازات والمسلسلات.
_v2
600 1 7 _aشرف الدين، عبد القادر بن عبد الله،
_d1908-2004
_2aucnm
650 7 _aالمحدثون اليمنيون
_vتراجم
_2aucsh
942 _2ddc
_cBOOK
_n0
949 _aSA-JeALM
_d250504
_umohamedma123
_n1
999 _c7662
_d7662